Paroles - Nekfeu - De mes cendres - Statistiques

Statistiques générales
  • Ce quiz a été pris 124 fois
  • Le résultat moyen est 198 sur 291
Statistiques - réponses
Paroles % Correct
De
100%
de
100%
ce
98%
cendres
98%
me
98%
la
97%
mes
97%
le
95%
a
94%
A
94%
à
94%
J'ai
89%
j'ai
89%
viendra
89%
l'adolescence
87%
mama
87%
pris
87%
renaissance
87%
est
85%
temps
85%
des
84%
Je
84%
je
84%
sûrement
84%
Y
84%
d'assassiner
82%
En
82%
peu
76%
les
74%
Les
74%
réparatrice
74%
Chirurgie
73%
ciel
73%
et
73%
Et
73%
Tout
73%
autres
69%
cas
69%
nan
69%
un
69%
Un
69%
loin
66%
rien
66%
depuis
65%
monde
65%
d'évolution
63%
hommes
63%
perdu,
63%
qu'on
63%
très
63%
par
61%
comme
60%
matin,
60%
on
60%
plus
60%
dans
58%
l'abolition
58%
sombre
58%
mais
56%
c'est
55%
foi,
55%
folle
55%
nuit
55%
j'n'attends
53%
nos
53%
peut
53%
T'as
53%
verdure
53%
yeah,
53%
Floyd
52%
52%
Pink
52%
pollution,
52%
potager
52%
fois
50%
folles
50%
que
50%
T'es
50%
vol
50%
amoureux
48%
lumière
48%
murs
48%
qui
48%
qu'une
48%
sens
48%
trop
48%
fait
47%
jolies
47%
renaîtrais
47%
tâcher
47%
Car
45%
compris
45%
d'un
45%
l'album
45%
pur
45%
tous
45%
triste
45%
ville
45%
besoin
44%
chronométré
44%
d'ouverture
44%
fin
44%
force
44%
qu'à
44%
vertu,
44%
d'air
42%
rentrer
42%
sait
42%
coincé,
40%
Dieu
40%
j'avais
40%
kilométré
40%
Milieu
40%
toi
40%
Tu
40%
vies
40%
d'déchirure
39%
moindre
39%
fort
37%
pique
37%
plumes
37%
aussi
35%
dure
35%
l'hiver
35%
remettrais
35%
sont
35%
voix
35%
grandi
34%
l'hôtel
34%
trait
34%
vérité
34%
volent
34%
avis
32%
embrouille
32%
j'irais
32%
l'on
32%
repris
32%
envies
31%
J'pensais
31%
paramétrées
31%
Toutes
31%
Bagarre
29%
bois
29%
crée
27%
Après
26%
attraits
26%
J'renais
26%
rêvais
26%
changé
23%
venant
23%
d'voix
19%
l'dio-stu
19%
qu'au
19%
D.O.C
11%
Aucun quiz correspondant
Distribution des résultats
% des personnes avec chaque résultat
Percentile par nombre de réponses
Votre historique - résultats
Vous n’avez pas pris ce quiz